Business English and Communication (Record no. 2539)
[ view plain ]
| 000 -LEADER | |
|---|---|
| fixed length control field | 00359nam a22001457a 4500 |
| 008 - FIXED-LENGTH DATA ELEMENTS--GENERAL INFORMATION | |
| fixed length control field | 250320b |||||||| |||| 00| 0 eng d |
| 020 ## - INTERNATIONAL STANDARD BOOK NUMBER | |
| ISBN | 0028009916 |
| 100 ## - MAIN ENTRY--AUTHOR | |
| Author | CLARK, R . Lyn |
| 245 ## - TITLE STATEMENT | |
| Title | Business English and Communication |
| 250 ## - EDITION STATEMENT | |
| Edition statement | 8ed |
| 260 ## - PUBLICATION, DISTRIBUTION, ETC. (IMPRINT) | |
| Place of publication | California |
| Name of publisher | Glencoe/McGraw-Hill |
| Date of publication | 1998 |
| 300 ## - COLLATION | |
| Pagination | 524p. |
| 942 ## - ADDED ENTRY ELEMENTS (KOHA) | |
| Item type | Books |
| 050 ## - LIBRARY OF CONGRESS CALL NUMBER | |
| Classification number | PF3120 |
| Item number | .C53 |
| Source of classification or shelving scheme | Not for loan | Permanent location | Current location | Date acquired | Accession No. | Full call number | Barcode. | Koha item type |
|---|---|---|---|---|---|---|---|---|
| Library of Congress Classification | Samuel Ogbemudia Main Library, University of Abuja | Samuel Ogbemudia Main Library, University of Abuja | 03/20/2025 | 2008/36212 | PF3120.C53 | 2025-0818 | Books |